2025/26 Dutch First Division Teams - Statistics

General Stats
  • This quiz has been taken 69 times
  • The average score is 12 of 18
Answer Stats
League Team % Correct
Eredivisie Ajax
100%
Eredivisie Feyenoord
98%
Eredivisie PSV Eindhoven
93%
Eredivisie AZ Alkmaar
86%
Eredivisie Utrecht
78%
Eredivisie Sparta Rotterdam
76%
Eredivisie Groningen
72%
Eredivisie Twente
72%
Eredivisie Go Ahead Eagles
69%
Eredivisie NAC Breda
67%
Eredivisie NEC Nijmegen
66%
Eredivisie Heerenveen
62%
Eredivisie PEC Zwolle
55%
Eredivisie Heracles Almelo
47%
Eredivisie Fortuna Sittard
41%
Eredivisie Excelsior
36%
Eredivisie Volendam
36%
Eredivisie Telstar
28%
No matching quizzes found
Score Distribution
Percent of People with Each Score
Percentile by Number Answered
Your Score History
You have not taken this quiz